Seminario Evaluación de la puesta en matcha de la Ley sobre transparencia, control y límite al gasto electoral

Spremljeno u:
Bibliografski detalji
Autor kompanije: Instituto Interamericano de Derechos Humanos (Autor)
Format: Knjiga
Jezik:španjolski
Izdano: Santiago Instituto Interamericano de Derechos Humanos 2005
Izdanje:1a. ed
Teme:
Oznake: Dodaj oznaku
Bez oznaka, Budi prvi tko označuje ovaj zapis!

MARC

LEADER 00000nam a2200000 a 4500
001 UCJ9060
003 CL-VaPUC
008 070302e20050000CL |||||||||||||||||spa|d
020 |a 9568140042 
082 0 4 |a 324.78  |b INS  |2 21 
110 2 |a Instituto Interamericano de Derechos Humanos  |e author  |9 518969 
245 1 0 |a Seminario Evaluación de la puesta en matcha de la Ley sobre transparencia, control y límite al gasto electoral 
250 |a 1a. ed 
300 |a 146 p 
942 |c BK 
945 |d 20070302 00:00:00  |a cmena 
260 |a Santiago  |b Instituto Interamericano de Derechos Humanos  |c 2005 
650 0 |a Elecciones  |9 254997 
650 7 |a GASTOS  |2 CL-VaPUC  |9 357995 
650 7 |a FINANCIAMIENTO  |2 CL-VaPUC  |9 358995 
650 0 |a Jurisprudencia  |9 255952 
650 0 |a Partidos políticos  |9 254999 
650 0 |a Derecho comparado  |9 255664 
583 |a last modification  |c 20070302 00:00:00  |k Rodrigo Vera 
999 |c 324699  |d 324697 
952 |0 0  |1 0  |4 0  |6 324_780000000000000_INS_2005  |7 0  |8 A  |9 405023  |a BIBHIS  |b BIBHIS  |d 2019-11-22  |i 4314115  |o 324.78 INS 2005  |p 4314115  |r 2025-01-20  |w 2019-11-22  |y BK  |k HIS